000 00427nam a2200157Ia 4500
008 221030s9999 xx 000 0 und d
020 _a8120324544
041 _aEnglish
082 _a105.23
_bAna
100 _aM. M. S. Anand
245 0 _aElectronic Instruments & Instrumentation Technology ( DEPARTMENTAL )
_cby M. M. S. Anand
260 _bPHI
_aNew Delhi
_c2006
300 _a728
650 _aECE Departmental
942 _cBK
999 _c500
_d500